000 00733cam a2200217 4500
001 WB3602-19
008 000000n2000 000 0 eng u
035 _a(Sirsi) u103574
245 _aLifting of restriction
260 _c2000
490 _aHousing Today
_v(165) 6 January 2000, 8(1)
520 _aGovernment has extended protection from excessive charges for major works to council leaseholders in PFI initiatives. Councils will be able to include the additional costs in their initial PFI bids.
590 _aWB
650 _aPFI
650 _aPRIVATE FINANCE INITIATIVE
650 _aLEASEHOLDERS
650 _aSOCIAL RENTED SECTOR
650 _aCOUNCIL HOUSES
690 _aAffordable housing
_96215
942 _n0
999 _c62212
_d62212